Introduction to fire science and fire protection /

Bibliographic Details
Main Author: Bare, William K.
Format: Book
Language:English
Published: New York : Wiley, [1978]
Series:Wiley series in fire science.
Subjects:

MARC

Tag First Indicator Second Indicator Subfields
LEADER 00000pam a2200000 i 4500
001 in00000067019
005 20151008051303.0
008 770830s1978 nyua b 00110 eng
010 |a  77014002  
020 |a 0471017086 
035 |a (OCoLC)03275104 
035 |9 AAG6974AM 
040 |a DLC  |c DLC  |d TXA  |d UtOrBLW 
049 |a TXAM  |c [A08939894] 
050 0 0 |a TH9145  |b .B39 1978 
082 0 |a 628.9/2 
100 1 |a Bare, William K. 
245 1 0 |a Introduction to fire science and fire protection /  |c William K. Bare. 
264 1 |a New York :  |b Wiley,  |c [1978] 
264 4 |c ©1978 
300 |a ix, 290 pages :  |b illustrations ;  |c 24 cm. 
336 |a text  |b txt  |2 rdacontent 
337 |a unmediated  |b n  |2 rdamedia 
338 |a volume  |b nc  |2 rdacarrier 
490 1 |a Wiley series in fire science 
504 |a Includes bibliographical references and index. 
650 0 |a Fire prevention. 
650 0 |a Fire extinction. 
650 0 |a Fire prevention  |x Vocational guidance. 
650 0 |a Fire extinction  |x Vocational guidance. 
830 0 |a Wiley series in fire science. 
999 |a MARS 
999 f f |s 49f6df2e-abaf-31eb-9270-ed7f9a6fdbf5  |i 24cadd51-c349-36c7-84df-42bfd1ccb6f7  |t 0 
952 f f |p ric  |a Texas A&M University  |b Rellis Campus  |c Joint Library Facility  |d Remote Storage  |t 0  |e TH9145 .B39 1978  |h Library of Congress classification  |i unmediated -- volume  |m A14808939894 
998 f f |a TH9145 .B39 1978  |t 0  |l Remote Storage